000 00621nam a22001937a 4500
003 0
005 20231106102234.0
008 231106b xxu||||| |||| 00| 0 eng d
020 _a978-621-427-122-1
050 _aBF 637
_b.Se47 2022
100 _aSerrano, Angelita Ong Camilar
245 _aPersonal development
_cAngelita Ong Camilar-Serrano
250 _aSecond edition
260 _aManila
_bUnlimited Books Library Services & Publishing Inc.,
_cc2022.
300 _ax, 337 pages ;
_c25 cm.
504 _aIncludes bibliographical references and index.
650 _aPersonal development.
942 _2lcc
_cBK
999 _c365567
_d365567